000 01508cam a2200325 a 4500
001 13959033
003 NUST-PNEC
005 20170116180703.0
008 050509r20051996vaua b 001 0 eng
010 _a 2005013255
020 _a1563477785
040 _aDLC
_cPNEC
_dDLC
050 0 0 _aTL709
_b.M38 2005
082 0 0 _a629.134 MAT
100 1 _aMattingly, Jack D.
245 1 0 _aElements of gas turbine propulsion /
_cJack D. Mattingly ; with a foreword By Hans Von Ohain.
260 _aReston, Va :
_bAmerican Institute of Aeronautics and Astronautics,
_cc2005.
300 _alxiii, 960 p. :
_bill. ;
_c24 cm.
440 0 _aAIAA education series
500 _ahttp://www.amazon.com/Elements-Turbine-Propulsion-AIAA-Education/dp/1563477785/ref=sr_1_1?s=books&ie=UTF8&qid=1410594120&sr=1-1&keywords=1563477785
500 _aOriginally published: McGraw-Hill, 1996, in series: 1. McGraw-Hill series in mechanical engineering and 2. McGraw-Hill series in aeronautical and aerospace engineering
504 _aIncludes bibliographical references and index.
650 0 _aAirplanes
_xJet propulsion. - ME
650 0 _aJet engines.
650 0 _aAircraft gas-turbines.
856 4 1 _3Table of contents
_uhttp://www.loc.gov/catdir/toc/ecip0512/2005013255.html
906 _a7
_bcbc
_corignew
_d1
_eecip
_f20
_gy-gencatlg
942 _2ddc
_cBK
999 _c60619
_d60619